000 00434nam a22001337a 4500
008 110507t xxu||||| |||| 00| 0 eng d
020 _a040609098X
082 _a348.041
245 _aThe Law Reports Chancery Division 1879-80 Vol 13 /
260 _aLondon :
_bButterworths,
_c1973.
300 _av;
942 _2ddc
_cBK
999 _c1407
_d1407